Vďaka platom v U.S.Steele tromfli Košice Bratislavu! len robotníci zarábajú v oceliarňach priemerne vyše 30-tisíc

Bibliographic Details
Main Author: Vrábeľ, Jaroslav (Author)
Format: Article
Language:Slovak
PhysicalDescription:Fotogr.
ISSN:1335-4566
Subjects:

MARC

LEADER 00000nab a2200000 a 4500
001 vtls008426262
003 SK-MaSNL
005 20260303065935.0
008 060125c20050822xo drz 0 0slo
038 |a KEVKJB 
040 |a KEVKJB  |b slo  |c KEVKJB  |e AACR2 
041 0 |a slo 
044 |a xo  |c SK 
080 |a 669.1  |2 UDC-MRF-SK2 
080 |a 355.643.8  |2 UDC-MRF-SK2 
100 1 |a Vrábeľ, Jaroslav  |4 aut  |9 275721 
245 1 0 |a Vďaka platom v U.S.Steele tromfli Košice Bratislavu!  |b len robotníci zarábajú v oceliarňach priemerne vyše 30-tisíc  |c Jaroslav Vrábeľ 
300 |b Fotogr. 
610 2 7 |a U. S. Steel (Košice, Slovensko)  |2 kevkjb  |9 656260 
650 0 7 |a platy  |2 kevkjb  |9 30238 
651 7 |a Košice (Slovensko)  |2 kevkjb  |9 18694 
773 0 |t Košický denník Korzár  |g Roč. VIII, č. 195 (22.8.2005), s. 2  |x 1335-4566 
852 |a KEVKJB  |b KIS3GCP 
999 |c 1753344  |d 1755274